00635nam a2200265Ia 4500008004000000020001800040041000800058082001300066100001700079245011000096260001700206300001200223440000600235650001100241650001400252650000900266650001300275650001300288650001700301650000700318650000700325650000800332650001300340700001600353210210b2009 xxu||||| |||| 00| 0 eng d a9780821848548 aeng a515 KACS aKACZOR (W J) aStudent mathematical library V 4: Problems in mathematical analysis IbReal numbers, sequences and series aUSAb-c2009 axiv,380 a1 aseries asequences areal aProblems anumbers, amathematical ain aI: aand aanalysis aNOWAK (M T)